Kwiat Jabłoni - piosenki (2025) - Statystyki

Ogólne statystyki
  • Ten quiz został rozwiązany 39 razy
  • Średni wynik to 42 z 78
Statystyki odpowiedzi
Album Tytuł % Poprawnych
Niemożliwe Wodymidaj
93%
Kwiat Jabłoni i Ralph Kaminski Wodymidaj (Akustycznie)
93%
Pol’and’Rock Festiwal 2019 Wodymidaj (Live)
93%
Mogło być nic Buka
87%
Niemożliwe Dziś późno pójdę spać
87%
Pol’and’Rock Festiwal 2019 Dziś późno pójdę spać (Live)
87%
Mogło być nic Mogło być nic
87%
Męskie Granie 2021 Mogło być nic
87%
Niemożliwe Niemożliwe
87%
Pol’and’Rock Festiwal 2019 Niemożliwe (Live)
87%
Uczta (Sanah) Szary świat
87%
Pokaz slajdów Byłominęło
80%
Mogło być nic Kometa
80%
Pol’and’Rock Festiwal 2019 Kwiat jabłoni (Live)
80%
Pokaz slajdów Lego
73%
Mogło być nic Maska
73%
Niemożliwe Wzięli zamknęli mi klub
73%
ĘĆ (Łydka Grubasa) Wzięli zamknęli mi klub
73%
Męskie Granie 2022 Wzięli zamknęli mi klub
73%
Pol’and’Rock Festiwal 2019 Wzięli zamknęli mi klub (Live)
73%
Mogło być nic Bankiet
67%
Pokaz slajdów Czarny Pył
67%
Niemożliwe Dzień dobry
67%
Pol’and’Rock Festiwal 2019 Dzień dobry (Live)
67%
Mogło być nic Drogi proste
60%
Kwiat Jabłoni i Julia Pietucha Drogi proste
60%
Pokaz slajdów Głośniej
60%
Niemożliwe Kto powie mi jak
60%
Pol’and’Rock Festiwal 2019 Kto powie mi jak (Live)
60%
Pokaz slajdów Od nowa
60%
Mogło być nic Wyjście z bankietu
60%
Niemożliwe Za siódmą chmurą
60%
Pol’and’Rock Festiwal 2019 Za siódmą chmurą (Live)
60%
Niemożliwe Chodźmy nad wodę
53%
Pokaz slajdów Dom
53%
Mogło być nic Idzie zima
53%
Chłopi (L.U.C.) Koniec Lata
53%
Pokaz slajdów Kwiat w doniczce
53%
Hau! Hau! (T.Love) Pochodnia
53%
Mogło być nic Przezroczysty świat
53%
Niemożliwe Turysta
53%
Pol’and’Rock Festiwal 2019 Turysta (Live)
53%
Kwiat Jabłoni Burza
47%
Kwiat Jabłoni Burza - Live
47%
Mogło być nic Byle jak
47%
Niemożliwe Nic więcej
47%
Pol’and’Rock Festiwal 2019 Nic więcej (Live)
47%
Pokaz slajdów Piosenka o słońcu
47%
Pokaz slajdów Polcia
47%
Pokaz slajdów Szczęśliwego nowego roku
47%
Wolne serca Warszawa, ja i ty
47%
Niemożliwe Wodymidaj intro
47%
Wolne serca Wolne ptaki
47%
Pokaz slajdów Był tam gdzie był
40%
Lech Music 2020 (Albo inaczej, Eldo) Miasto Słońca
40%
Mogło być nic Nie ma mnie
40%
Wolne serca Nie, nie, nie
40%
Wolne serca Nie pytaj o Polskę
40%
Wolne serca Trwaj chwilo, trwaj
40%
Mogło być nic Zaczniemy od zera
40%
Pokaz slajdów Zasnąłem na trawniku
40%
Wolne serca Jutro możemy być szczęśliwi
33%
Niemożliwe Nie ma czasu
33%
Pol’and’Rock Festiwal 2019 Nie ma czasu (Live)
33%
Czerwony SUV (Stach Bukowski) Noc
33%
Kwiat Jabłoni Poproszę więcej siebie
33%
Kwiat Jabłoni Poproszę więcej siebie - LIVE
33%
W ogień (Skubas) Zaraz się zacznie
33%
Pieśni współczesne (Miuosh, Zespół Pieśni i Tańca Śląsk) Zmierzch
33%
Pol’and’Rock Festiwal 2019 Czekam na lepszy dzień (Live)
27%
Męskie Granie 2022 Jest tylko teraz
27%
Neonova (Pietrucha/Zalewska) Lekkość
27%
Wolne serca Płachta nieba
27%
Wolne serca Światła miasta
27%
Wolne serca Klus Mitroh
20%
Wolne serca Mówię ci, że
13%
Vesna (Enej) Nie uprzedził nikt
7%
Kwiat Jabłoni Wszystko mi mówi, ze mnie ktoś pokochał
7%
Nie znaleziono quizów pasujących do podanych kryteriów
Rozkład punktacji
Procent ludzi z każdym wynikiem
Percentyl według liczby udzielonych odpowiedzi
Twoja historia wyników
Nie rozwiązałeś tego quizu